000 00359nam a22001457a 4500
008 210301b ||||| |||| 00| 0 eng d
020 _a9780813807140
041 _aeng
080 _22nd
_a612.39
082 _a612.39
100 _a10
101 _aNUT
245 _aFood Safety and Quality Assurance Foods of Animal Origin
_cHubbert, W.T
942 _2udc
_cBK
999 _c55339
_d55339